| 000 | 00684nam a22002657a 4500 | ||
|---|---|---|---|
| 003 | UA-OsUOA | ||
| 001 | 25313 | ||
| 007 | ta | ||
| 008 | 20040331b un ||||| |||| 00| 0 ukr d | ||
| 100 | _aКозаченко А.В. | ||
| 700 | _aВоронкова А.Э | ||
| 090 |
_a334.722.8(075.8) _bК59 |
||
| 942 | _cBK | ||
| 040 |
_aUA-OsUOA _brus _cUA-OsUOA _dUA-OsUOA |
||
| 245 |
_aКорпоративное управление _bУчебник для вузов |
||
| 300 | _a368 с. | ||
| 955 | _a0 | ||
| 041 | _arus | ||
| 080 | _a334.722.8(075.8) | ||
| 020 | _a966-7035-62-Х | ||
| 260 |
_aКиев _bЛібра _c2004 |
||
| 044 | _aUA | ||
| 650 | 7 | _2UDC | |
| 999 |
_c311606 _d311606 |
||